00414nam a2200157Ia 45000010006000000050017000060080041000230410008000640820016000721000028000882450087001162600009002033000028002126500008002406540008002481333220260306164753.0260306t2015||||xx |||||||||||||| ||spa|| aESP a001.42bQ23 aQuezada Lucio, NeleAUT 0aMetodología de la investigación:bestadística aplicada en la investigación c2015 a334 páginas :c25 cm. aGEN aCHU